<An> illustration of the Coase theorem and the consequences externalities have on legal rights

Saved in:
Bibliographic Details
Main Author: MacCarthy, Stephen
Format: Book
Language:English
Published: Brisbane The University of Queensland 1992
Series:Discussion Paper No. 75
Subjects:
Tags: Add Tag
No Tags, Be the first to tag this record!

MARC

LEADER 00000nam a2200000 4500
001 c100341
005 20221123102215.4
022 |a 1033-4661 
041 0 |a eng 
044 |a AU 
245 1 0 |a <An> illustration of the Coase theorem and the consequences externalities have on legal rights  |c Stephen MacCarthy 
264 1 |a Brisbane  |b The University of Queensland  |c 1992 
300 |a 14 s. 
490 1 |a Discussion Paper  |v No. 75 
830 0 |a Discussion Paper  |v No. 75 
610 2 0 |a teórie ekonomické 
610 2 0 |a právo 
610 2 0 |a náklady spoločensky nevyhnutné 
610 2 0 |a znečistenie vôd 
610 2 0 |a cesty vodné 
610 2 0 |a prostredie prírodné 
610 2 0 |a prostredie životné 
100 1 |a MacCarthy, Stephen